000 00459nam a2200097Ia 4500
008 170517s9999 xx 000 0 und d
245 _aAfghan Star
300 _aAfter 30 years of war and Taliban rule, pop Idol has come to Afghanistan. Millions are watching the TV series Afghan Star and voting for their favorite singers by mobile phone. For many this is their first encounter with...
650 _xArt.
856 _uhttp://topdocumentaryfilms.com/afghan-star/
999 _c333106
_d333106